JetPunk Most played quizzes - Statistics

General Stats
  • This quiz has been taken 11 times
    9 since last reset
  • The average score is 7 of 60
Answer Stats
Number of Plays Answer % Correct
43,276,494 Countries of the World Quiz
100%
15,522,374 US States Quiz
57%
7,612,884 World Map Without 20 Random Countries
43%
1,244,475 Countries of Europe - One Minute Sprint
29%
3,359,055 U.S. Presidents Quiz
29%
1,308,813 U.S. States by First Two Letters in 30 Seconds
29%
1,226,892 100 Most Common English Words
14%
1,361,703 Biggest Countries by Population
14%
2,241,255 Brand Logos Quiz #1
14%
1,582,854 Brand Logos Quiz #2
14%
1,149,463 Brand Logos Quiz #3
14%
3,572,053 Countries by Borders in 90 Seconds
14%
5,303,828 Countries by First Two Letters in 90 Seconds
14%
3,372,145 Countries of Europe Quiz
14%
2,031,076 Countries that Start with A
14%
1,215,746 Countries that Start with I
14%
2,433,619 Country Flags Quiz #1
14%
1,039,500 Country Flags Quiz #2
14%
2,049,787 Elements of the Periodic Table Quiz
14%
1,458,942 Europe Capitals Quiz
14%
4,477,818 Europe Map Quiz
14%
1,079,042 Fast Math - Multiplication
14%
5,255,787 Fast Typing 1 to 100
14%
5,582,576 Fast Typing A to Z
14%
1,107,196 Flags of Europe Quiz
14%
2,407,506 NBA Basketball Teams Quiz
14%
1,144,113 NBA MVPs Quiz
14%
2,148,761 NFL Football Teams Quiz
14%
1,035,219 Planets of the Solar System Quiz
14%
4,013,405 United States Map Quiz
14%
2,521,897 US States by Borders in 30 Seconds
14%
1,993,354 Word Scramble - Countries
14%
4,720,859 World Capitals Quiz
14%
4,340,973 12 Months in 15 Seconds
0%
2,007,004 Africa Map Quiz
0%
3,212,551 All Country Flags of the World
0%
1,709,829 Countries by First and Last Two Letters
0%
2,298,767 Countries of Africa
0%
1,680,194 Countries of Asia Quiz
0%
3,207,036 Countries of the World with an Empty Map
0%
2,169,068 Countries that Start with B
0%
1,719,383 Countries that Start with C
0%
1,291,256 Countries that Start with E
0%
1,412,726 Countries that Start with G
0%
1,020,235 Countries that Start with L
0%
1,305,982 Countries that Start with M
0%
1,047,051 Countries that Start with N
0%
1,147,926 Countries that Start with P
0%
1,665,815 Countries that Start with S
0%
1,096,406 Digits of Pi
0%
1,381,026 East Asia Map Quiz
0%
3,376,257 Fifty US States in One Minute
0%
1,983,401 Find The Mystery Country Using Color Clues - Randomized!
0%
1,028,426 Find The Mystery Country Using Hints - Randomized!
0%
1,321,086 Middle East Map Quiz
0%
2,456,943 Random Capital to Country
0%
1,409,791 Random Countries on the World Map
0%
1,469,967 South America Map Quiz
0%
1,591,428 U.S. State Capitals Quiz
0%
1,587,461 World Map with Random Merged Countries
0%
No matching quizzes found
Score Distribution
Percent of People with Each Score
Percentile by Number Answered
Your Score History
You have not taken this quiz since the last reset